[Event "Bogota McGregor op 4th"]
[Site "Bogota"]
[Date "2013.12.08"]
[Round "9"]
[White "Borja, Raul"]
[Black "Martinez Baquero, Hugo Esteban"]
[Result "0-1"]
[WhiteElo "2115"]
[BlackElo "1944"]
[PlyCount "97"]
[EventDate "2013.12.04"]
[EventType "swiss"]
[EventRounds "9"]
[EventCountry "COL"]
[SourceTitle "CBM 157 Extra"]
[Source "ChessBase"]
[SourceDate "2013.12.19"]
[SourceVersion "1"]
[SourceVersionDate "2013.12.19"]
[SourceQuality "1"]

1. Nc3 Nf6 2. d4 g6 3. e4 d6 4. Bg5 Bg7 5. e5 Nfd7 6. Nd5 f6 7. exf6 Nxf6 8. Bc4 Nxd5 9. Bxd5 c6 10. Bb3 Qa5+ 11. Bd2 Qb6 12. Be3 d5 13. h4 Be6 14. Qd2 Nd7 15. Ne2 0-0-0 16. Nf4 Bf5 17. f3 h5 18. 0-0-0 Qa6 19. Rdg1 e5 20. Ne2 Rde8 21. g4 hxg4 22. fxg4 Be4 23. Rh2 exd4 24. Bxd4 Ne5 25. Bxe5 Bxe5 26. Rh3 Rhf8 27. c3 Rf2 28. Re3 Bf4 29. Nxf4 Rxd2 30. Kxd2 Rf8 31. Ne2 Rf2 32. Rgg3 Rf1 33. g5 Rb1 34. h5 Rxb2+ 35. Ke1 Rb1+ 36. Kf2 Qa3 37. Rxe4 dxe4 38. hxg6 Qf8+ 39. Bf7 Qh8 40. Be6+ Kc7 41. Rh3 Qf8+ 42. Bf7 Qc5+ 43. Nd4 Rb2+ 44. Ke1 Rb1+ 45. Kf2 Rb2+ 46. Kf1 Kb6 47. Rg3 Qe5 48. Rg2 Qf4+ 49. Nf3 0-1

[Event "Bogota McGregor op 4th"]
[Site "Bogota"]
[Date "2013.12.06"]
[Round "4"]
[White "Perez Garcia, Rodney Oscar"]
[Black "Borja, Raul"]
[Result "1-0"]
[WhiteElo "2371"]
[BlackElo "2115"]
[PlyCount "57"]
[EventDate "2013.12.04"]
[EventType "swiss"]
[EventRounds "9"]
[EventCountry "COL"]
[SourceTitle "CBM 157 Extra"]
[Source "ChessBase"]
[SourceDate "2013.12.19"]
[SourceVersion "1"]
[SourceVersionDate "2013.12.19"]
[SourceQuality "1"]

1. e4 e6 2. d4 b6 3. Bd3 Bb7 4. Nf3 Nf6 5. Nbd2 d5 6. e5 Nfd7 7. 0-0 Ba6 8. c4 dxc4 9. Nxc4 Bb7 10. Ng5 Be7 11. Qh5 Bxg5 12. Bxg5 Qc8 13. Rac1 Nc6 14. Rfe1 Nf8 15. Be4 Qd7 16. Red1 Na5 17. Qf3 Rb8 18. Nxa5 Bxe4 19. Qxe4 bxa5 20. d5 Ng6 21. dxe6 Qxe6 22. Qa4+ Kf8 23. Rxc7 h6 24. Be3 Kg8 25. b3 Qxe5 26. Rxa7 Rb5 27. h3 Kh7 28. Rxf7 Qe8 29. Rdd7 1-0

[Event "COL-ch Seniors"]
[Site "Bucaramanga"]
[Date "2013.09.29"]
[Round "7"]
[White "Aristizabal Lopez, Jorge Alberto"]
[Black "Borja, Raul"]
[Result "1/2-1/2"]
[WhiteElo "1885"]
[BlackElo "2130"]
[PlyCount "119"]
[EventDate "2013.09.26"]
[EventType "swiss"]
[EventRounds "7"]
[EventCountry "COL"]
[SourceTitle "CBM 156 Extra"]
[Source "ChessBase"]
[SourceDate "2013.10.22"]
[SourceVersion "1"]
[SourceVersionDate "2013.10.22"]
[SourceQuality "1"]

1. e4 Nc6 2. d4 e5 3. Nf3 Nf6 4. Nc3 Bb4 5. Bg5 h6 6. Bxf6 Qxf6 7. d5 Ne7 8. Qd3 0-0 9. 0-0-0 a6 10. Be2 Ng6 11. g3 b5 12. h4 d6 13. Rdf1 Bd7 14. Nd1 Ne7 15. Ne3 Bc5 16. Kb1 c6 17. g4 cxd5 18. g5 Qf4 19. Nxd5 Nxd5 20. Qxd5 Be6 21. Qd2 hxg5 22. hxg5 Qxd2 23. Nxd2 g6 24. Rh6 Rfb8 25. Rfh1 Kf8 26. R1h2 Ke7 27. c3 a5 28. R6h4 b4 29. c4 a4 30. Bg4 Bxg4 31. Rxg4 Rh8 32. Rgg2 Ke6 33. Kc2 Rac8 34. Kd3 Bd4 35. b3 axb3 36. axb3 Rxh2 37. Rxh2 Ra8 38. f4 Ra2 39. Nf3 Rxh2 40. Nxh2 Bc5 41. Ke2 exf4 42. Ng4 Bd4 43. Kf3 Bb2 44. Nf2 f6 45. Nd3 Be5 46. gxf6 Kxf6 47. Nxb4 g5 48. Nd5+ Ke6 49. Kg4 Bd4 50. Kf3 Ke5 51. b4 Ba7 52. Nc3 Be3 53. c5 dxc5 54. bxc5 Bxc5 55. Ne2 Bd4 56. Nc1 g4+ 57. Kxg4 Kxe4 58. Ne2 f3 59. Nxd4 f2 60. Nf5 1/2-1/2

[Event "COL-ch Seniors"]
[Site "Bucaramanga"]
[Date "2013.09.28"]
[Round "5"]
[White "Saladen Dulce, Rafael"]
[Black "Borja, Raul"]
[Result "1-0"]
[WhiteElo "2225"]
[BlackElo "2130"]
[PlyCount "35"]
[EventDate "2013.09.26"]
[EventType "swiss"]
[EventRounds "7"]
[EventCountry "COL"]
[SourceTitle "CBM 156 Extra"]
[Source "ChessBase"]
[SourceDate "2013.10.22"]
[SourceVersion "1"]
[SourceVersionDate "2013.10.22"]
[SourceQuality "1"]

1. e4 b6 2. d4 e6 3. Nf3 Bb7 4. Bd3 Nf6 5. Qe2 d6 6. 0-0 Nbd7 7. Nc3 c5 8. Ba6 Bxa6 9. Qxa6 cxd4 10. Nxd4 Nc5 11. Qe2 Qd7 12. Bg5 Be7 13. Rad1 a6 14. e5 dxe5 15. Nf5 Qc7 16. Nxg7+ Kf8 17. Bh6 Kg8 18. Nh5 1-0

[Event "COL-ch Seniors"]
[Site "Bucaramanga"]
[Date "2013.09.27"]
[Round "4"]
[White "Borja, Raul"]
[Black "Alvarez, Alfonso"]
[Result "1-0"]
[WhiteElo "2130"]
[BlackElo "1997"]
[PlyCount "49"]
[EventDate "2013.09.26"]
[EventType "swiss"]
[EventRounds "7"]
[EventCountry "COL"]
[SourceTitle "CBM 156 Extra"]
[Source "ChessBase"]
[SourceDate "2013.10.22"]
[SourceVersion "1"]
[SourceVersionDate "2013.10.22"]
[SourceQuality "1"]

1. Nc3 g6 2. e4 Bg7 3. d4 d6 4. Bg5 Nd7 5. Nf3 c6 6. Bc4 Nb6 7. Bb3 Qc7 8. a4 e6 9. Qd2 f6 10. Bf4 Qe7 11. 0-0-0 Bd7 12. a5 Nc8 13. e5 fxe5 14. dxe5 d5 15. h4 h6 16. Kb1 Bf8 17. Ne2 b6 18. Be3 Qf7 19. Nf4 Nge7 20. g4 Rg8 21. Qe2 c5 22. c3 Nc6 23. Nxd5 exd5 24. Bxd5 Qg7 25. e6 1-0

[Event "COL-ch Seniors"]
[Site "Bucaramanga"]
[Date "2013.09.26"]
[Round "1"]
[White "Borja, Raul"]
[Black "Aguirre Reyes, Jorge Alberto"]
[Result "1-0"]
[WhiteElo "2130"]
[BlackElo "1714"]
[PlyCount "35"]
[EventDate "2013.09.26"]
[EventType "swiss"]
[EventRounds "7"]
[EventCountry "COL"]
[SourceTitle "CBM 156 Extra"]
[Source "ChessBase"]
[SourceDate "2013.10.22"]
[SourceVersion "1"]
[SourceVersionDate "2013.10.22"]
[SourceQuality "1"]

1. Nc3 Nf6 2. d4 d5 3. Bg5 Bf5 4. f3 e6 5. e4 dxe4 6. fxe4 Bg4 7. Bxf6 Qxf6 8. Qxg4 Bb4 9. e5 Qh6 10. Bb5+ c6 11. Bd3 Qe3+ 12. Nge2 0-0 13. Rf1 Qh6 14. Rf3 g6 15. a3 Bxc3+ 16. Nxc3 Nd7 17. Ne4 Rfd8 18. Ng5 1-0

[Event "Buenos Aires Duchamp Memorial op 4th"]
[Site "Buenos Aires"]
[Date "2012.10.24"]
[Round "3"]
[White "Borja, Raul"]
[Black "Iermito, Sebastian"]
[Result "0-1"]
[WhiteElo "2140"]
[BlackElo "2470"]
[PlyCount "54"]
[EventDate "2012.10.22"]
[EventType "swiss"]
[EventRounds "9"]
[EventCountry "ARG"]
[SourceTitle "EXT 2013"]
[Source "ChessBase"]
[SourceDate "2012.11.22"]
[SourceVersion "1"]
[SourceVersionDate "2012.11.22"]
[SourceQuality "1"]

1. Nc3 c5 2. g3 Nc6 3. Bg2 g6 4. d3 Bg7 5. e4 d6 6. Nh3 e6 7. Nf4 Nge7 8. h4 h6 9. 0-0 b6 10. Be3 Bb7 11. Rb1 Qd7 12. Nce2 Ne5 13. c3 Ng4 14. Bc1 e5 15. Nd5 Nxd5 16. exd5 f5 17. f4 0-0 18. b4 Rae8 19. bxc5 dxc5 20. c4 exf4 21. Nxf4 Bd4+ 22. Kh1 Nf2+ 23. Rxf2 Bxf2 24. Ne6 Bxg3 25. Bxh6 Rxe6 26. dxe6 Qd4 27. Bg5 Bxg2+ 0-1

[Event "American Continental 08th"]
[Site "Mar del Plata"]
[Date "2012.10.19"]
[Round "9"]
[White "Saitta, Jorge"]
[Black "Borja, Raul"]
[Result "0-1"]
[WhiteElo "1847"]
[BlackElo "2140"]
[PlyCount "114"]
[EventDate "2012.10.12"]
[EventType "swiss"]
[EventRounds "11"]
[EventCountry "ARG"]
[SourceTitle "EXT 2013"]
[Source "ChessBase"]
[SourceDate "2012.11.22"]
[SourceVersion "1"]
[SourceVersionDate "2012.11.22"]
[SourceQuality "1"]

1. e4 c6 2. d4 d5 3. exd5 cxd5 4. c4 Nf6 5. Nc3 e6 6. Nf3 a6 7. a3 dxc4 8. Bxc4 b5 9. Ba2 Bb7 10. 0-0 h6 11. Re1 Be7 12. h3 0-0 13. Ne5 Nc6 14. Be3 Rc8 15. f4 Qd6 16. Qd2 Rfd8 17. Rad1 Bf8 18. Bf2 b4 19. axb4 Nxb4 20. Nxf7 Kxf7 21. Rxe6 Qxe6 22. Bxe6+ Kxe6 23. Bh4 Kf7 24. g4 Rd7 25. g5 Ne4 26. Qe2 Re8 27. Qg4 Rde7 28. g6+ Kg8 29. Bxe7 Rxe7 30. Qf5 Nf6 31. d5 Kh8 32. d6 Re8 33. Qc5 Bf3 34. Rd2 Nc6 35. Kh2 Nd7 36. Qc4 Nd8 37. Qxa6 Ne6 38. b4 Rd8 39. Kg3 Bh1 40. Rd1 Ba8 41. Nb5 Be4 42. Re1 Ra8 43. Na7 Nf6 44. Kh2 Rd8 45. Nc8 Nxf4 46. b5 N4d5 47. b6 Nxb6 48. Qxb6 Rxc8 49. d7 Nxd7 50. Qb5 Nf6 51. Kg3 Bxg6 52. Kf4 Bd6+ 53. Kf3 Rc3+ 54. Kg2 Rg3+ 55. Kf2 Rg5 56. Qc6 Bg3+ 57. Kf1 Rf5+ 0-1

[Event "American Continental 08th"]
[Site "Mar del Plata"]
[Date "2012.10.17"]
[Round "7"]
[White "Della Morte, German"]
[Black "Borja, Raul"]
[Result "1-0"]
[WhiteElo "2346"]
[BlackElo "2140"]
[PlyCount "81"]
[EventDate "2012.10.12"]
[EventType "swiss"]
[EventRounds "11"]
[EventCountry "ARG"]
[SourceTitle "EXT 2013"]
[Source "ChessBase"]
[SourceDate "2012.11.22"]
[SourceVersion "1"]
[SourceVersionDate "2012.11.22"]
[SourceQuality "1"]

1. e4 c6 2. d4 g6 3. Nc3 d5 4. h3 Bg7 5. Nf3 Nf6 6. e5 Ne4 7. Bd3 Nxc3 8. bxc3 c5 9. 0-0 Qa5 10. Qd2 Nc6 11. a4 a6 12. Re1 0-0 13. Ba3 c4 14. Bf1 Qc7 15. g3 h6 16. Nh4 g5 17. Nf3 Bf5 18. Bg2 Qd7 19. Kh2 Rfb8 20. h4 f6 21. Qe3 g4 22. e6 Qe8 23. Ng1 Rd8 24. Bc5 Rac8 25. Ne2 h5 26. Rab1 Rb8 27. Bb6 Rdc8 28. Rb2 Qg6 29. Nf4 Qh7 30. Re2 Bh6 31. Bxd5 Nd8 32. Ba7 b5 33. Bxb8 Rxb8 34. Bxc4 Rc8 35. Ba2 bxa4 36. d5 a3 37. Rb6 Bxc2 38. d6 Bf5 39. d7 Ra8 40. Bd5 Bxf4 41. Qxf4 1-0

[Event "American Continental 08th"]
[Site "Mar del Plata"]
[Date "2012.10.14"]
[Round "3"]
[White "Elias, Roberto"]
[Black "Borja, Raul"]
[Result "0-1"]
[WhiteElo "1885"]
[BlackElo "2140"]
[PlyCount "70"]
[EventDate "2012.10.12"]
[EventType "swiss"]
[EventRounds "11"]
[EventCountry "ARG"]
[SourceTitle "EXT 2013"]
[Source "ChessBase"]
[SourceDate "2012.11.22"]
[SourceVersion "1"]
[SourceVersionDate "2012.11.22"]
[SourceQuality "1"]

1. d4 Nf6 2. c4 g6 3. Nc3 Bg7 4. e4 d6 5. Be2 0-0 6. Nf3 Bg4 7. Nd2 Bxe2 8. Qxe2 Nc6 9. Nb3 Nd7 10. Be3 e5 11. d5 Nd4 12. Qd1 Nxb3 13. axb3 b6 14. 0-0 f5 15. f4 exf4 16. Bxf4 Nc5 17. Qd2 Bxc3 18. Qxc3 Nxe4 19. Qd4 Qf6 20. Rad1 Rae8 21. Rfe1 Qh4 22. Bg3 Qg4 23. Rd3 Nxg3 24. Rxe8 Qxd4+ 25. Rxd4 Rxe8 26. hxg3 Re2 27. b4 Rxb2 28. c5 Rc2 29. c6 h5 30. b5 Ra2 31. Rd3 a6 32. bxa6 Rxa6 33. Re3 Kf7 34. Kf2 Ra5 35. Rd3 Kf6 0-1

[Event "Bogota McGregor op 2nd"]
[Site "Bogota"]
[Date "2011.12.06"]
[Round "1"]
[White "Pena Mora, Carlos"]
[Black "Borja, Raul"]
[Result "0-1"]
[WhiteElo "1695"]
[BlackElo "2175"]
[PlyCount "88"]
[EventDate "2011.12.06"]
[EventType "swiss"]
[EventRounds "10"]
[EventCountry "COL"]
[SourceTitle "CBM 145 Extra"]
[Source "ChessBase"]
[SourceDate "2012.01.03"]
[SourceVersion "1"]
[SourceVersionDate "2012.01.03"]
[SourceQuality "1"]

1. c4 Nf6 2. Nf3 g6 3. Nc3 Bg7 4. g3 d6 5. Bg2 0-0 6. d4 Na6 7. 0-0 c5 8. d5 Nc7 9. Bg5 a6 10. a4 b6 11. Rb1 Bf5 12. Bxf6 Bxf6 13. e4 Bd7 14. e5 Bg7 15. Qd2 b5 16. axb5 axb5 17. b3 Bf5 18. Ra1 Qd7 19. Rfe1 Rfb8 20. Rxa8 Rxa8 21. exd6 exd6 22. Ne4 bxc4 23. bxc4 Ra4 24. Bf1 h6 25. Qf4 Ne8 26. Rb1 g5 27. Qe3 Ra8 28. Bd3 Nf6 29. Nxf6+ Bxf6 30. Nd2 Bd4 31. Qf3 Bxd3 32. Qxd3 Ra2 33. Kg2 Kg7 34. Rf1 Qa4 35. Nf3 Bf6 36. Qe4 Rc2 37. h4 Rxc4 38. Qf5 gxh4 39. gxh4 Rf4 40. Qh3 Bxh4 41. Rg1 Bg5 42. Nxg5 hxg5 43. Rh1 Rg4+ 44. Kf1 Qd1# 0-1

[Event "Bogota Univ Central op-A 5th"]
[Site "Bogota"]
[Date "2011.10.14"]
[Round "3.1"]
[White "Suarez, Maria Alexandra"]
[Black "Borja, Raul"]
[Result "0-1"]
[WhiteElo "1963"]
[BlackElo "2187"]
[PlyCount "44"]
[EventDate "2011.10.13"]
[EventType "swiss"]
[EventRounds "9"]
[EventCountry "COL"]
[SourceTitle "EXT 2024"]
[Source "ChessBase"]
[SourceDate "2023.10.10"]
[SourceVersion "1"]
[SourceVersionDate "2023.10.10"]
[SourceQuality "1"]

1. c4 Nf6 2. g3 e5 3. Bg2 Nc6 4. Nc3 Bc5 5. e3 d6 6. Nge2 0-0 7. 0-0 Bb6 8. d4 Bg4 9. h3 Bh5 10. Qd2 Re8 11. d5 Nb8 12. b3 a6 13. Bb2 Nbd7 14. Na4 Ba7 15. b4 Bg6 16. Rfc1 Ne4 17. Qd1 f5 18. Nac3 Qg5 19. Nxe4 fxe4 20. Nc3 Nf6 21. Qd2 Rf8 22. Qc2 Qh4 0-1

[Event "COL-ch Amateur"]
[Site "Garzon"]
[Date "2009.11.16"]
[Round "6.9"]
[White "Borja, Raul"]
[Black "Barrera, Oscar1111"]
[Result "1-0"]
[WhiteElo "1977"]
[BlackElo "1600"]
[PlyCount "86"]
[EventDate "2009.11.14"]
[EventType "swiss"]
[EventRounds "7"]
[EventCountry "COL"]
[SourceTitle "EXT 2024"]
[Source "ChessBase"]
[SourceDate "2023.10.10"]
[SourceVersion "1"]
[SourceVersionDate "2023.10.10"]
[SourceQuality "1"]

1. c4 e6 2. g3 d5 3. Bg2 Nf6 4. Nf3 c5 5. 0-0 Nc6 6. b3 Bd6 7. Bb2 0-0 8. d3 d4 9. e4 e5 10. Na3 Bg4 11. Nc2 Qc8 12. Re1 h6 13. Qd2 a6 14. Rec1 Nh7 15. a3 f5 16. exf5 Bxf3 17. Bxf3 Qxf5 18. Be4 Qh5 19. h4 Nf6 20. Bg2 Qg4 21. Re1 Rae8 22. Qe2 e4 23. dxe4 Qxe2 24. Rxe2 d3 25. Rd2 dxc2 26. Rxd6 Na5 27. Rc1 Nxb3 28. Rxc2 Nxe4 29. Rg6 Nd4 30. Bxd4 cxd4 31. Bxe4 Rxe4 32. Rd6 Re1+ 33. Kg2 Rd1 34. c5 d3 35. Rb2 Rf7 36. h5 Kh7 37. c6 bxc6 38. Rb8 Rd2 39. Rdd8 Rdxf2+ 40. Kh3 g6 41. Rh8+ Kg7 42. Rbg8+ Kf6 43. hxg6 d2 1-0

[Event "COL-ch Amateur"]
[Site "Garzon"]
[Date "2009.11.14"]
[Round "1.3"]
[White "Borja, Raul"]
[Black "Perez, Rafael1111"]
[Result "1-0"]
[WhiteElo "1977"]
[BlackElo "1600"]
[PlyCount "41"]
[EventDate "2009.11.14"]
[EventType "swiss"]
[EventRounds "7"]
[EventCountry "COL"]
[SourceTitle "EXT 2024"]
[Source "ChessBase"]
[SourceDate "2023.10.10"]
[SourceVersion "1"]
[SourceVersionDate "2023.10.10"]
[SourceQuality "1"]

1. Nc3 e6 2. e4 b6 3. g3 Bb7 4. Bg2 c6 5. d3 Nf6 6. Nge2 Bb4 7. a3 Be7 8. 0-0 h5 9. Bg5 Nh7 10. Bxe7 Qxe7 11. e5 d6 12. exd6 Qxd6 13. Ne4 Qc7 14. Nd4 g6 15. Re1 Nd7 16. Qd2 0-0 17. Qh6 Rac8 18. Re2 Nhf6 19. Nc3 Ng4 20. Qd2 Rcd8 21. Nf3 1-0